000 00660nam a2200217 i 4500
001 135099
003 ES-MaACL
005 20250815121017.0
007 t|
008 070709s1974 sp ||||1| spa d
080 _a744:621.7
080 _a621.7:744
100 1 _aThomas, T. A.
_9110050
245 1 0 _aDibujo de ilustración técnica /
_cT.A. Thomas ; [versión de B. Sigalés Pueyo].
260 _aBarcelona :
_bGustavo Gili,
_c1974.
300 _a3 h., 199 p. con 15 lám. :
_bil. ;
_c29 cm.
650 1 7 _aDibujo técnico
_2embne
_911874
700 1 _aSigalés, Bartomeu.
_9106300
852 _aES-MaACL
_jE-7665
_bR.91599
999 _c135099
_d135099